Normal view
MARC view
- Aftab, Faisal
Entry Personal Name
001 - CONTROL NUMBER
- control field: 18844
003 - CONTROL NUMBER IDENTIFIER
- control field: NUST
005 - DATE AND TIME OF LATEST TRANSACTION
- control field: 20190730060136.0
008 - FIXED-LENGTH DATA ELEMENTS
- fixed length control field: 190730|| aca||aabn | a|a d
040 ## - CATALOGING SOURCE
- Original cataloging agency: NUST
- Transcribing agency: NUST
100 ## - HEADING--PERSONAL NAME
- Personal name: Aftab, Faisal
670 ## - SOURCE DATA FOUND
- Source citation: Work cat.: (NUST): Aftab, Faisal, Determining Synthesis of Employee Training Programme with Employee Performance Appraisal System at Harris International /, 2013.
